European Golden Boot Winners - Statistics

General Stats
  • This quiz has been taken 94 times
  • The average score is 10 of 14
Answer Stats
Season Club Nationality Player Goals Points % Correct
2012/13 FC Barcelona Argentina Lionel Messi 46 92
99%
2015/16 FC Barcelona Uruguay Luis Suárez 40 80
99%
1996/97 FC Barcelona Brazil Ronaldo 34 68
99%
2014/15 Real Madrid Portugal Cristiano Ronaldo 48 96
97%
2004/05 Arsenal France Thierry Henry 25 50
96%
2008/09 Atlético Madrid Uruguay Diego Forlán 32 64
90%
2006/07 AS Roma Italy Francesco Totti 26 52
87%
2010/11 Real Madrid Portugal Cristiano Ronaldo 40 80
76%
2000/01 Celtic Sweden Henrik Larsson 35 52,5
71%
2005/06 Fiorentina Italy Luca Toni 31 62
59%
2002/03 Deportivo la Coruña The Netherlands Roy Makaay 29 58
51%
1999/00 Sunderland England Kevin Phillips 30 60
43%
2001/02 Sporting CP Brazil Mário Jardel 42 84
39%
1997/98 Vitesse Greece Nikos Machlas 34 68
14%
No matching quizzes found
Score Distribution
Percent of People with Each Score
Percentile by Number Answered
Your Score History
You have not taken this quiz